[Event "Ufa Gumerov Memorial 8th"]
[Site "Ufa"]
[Date "2019.07.28"]
[Round "9"]
[White "Asatryan, Gor"]
[Black "Gnusarev, Pavel"]
[Result "1/2-1/2"]
[WhiteElo "2088"]
[BlackElo "2320"]
[PlyCount "29"]
[EventDate "2019.07.24"]
[EventType "tourn"]
[EventRounds "9"]
[EventCountry "RUS"]
[SourceTitle "CBM 191 Extra"]
[Source "ChessBase"]
[SourceDate "2019.09.30"]
[SourceVersion "1"]
[SourceVersionDate "2019.09.30"]
[SourceQuality "1"]

1. e4 c5 2. Nf3 e6 3. d4 cxd4 4. Nxd4 a6 5. Nc3 d6 6. a4 Nf6 7. Be3 Nc6 8. f4 Be7 9. Be2 0-0 10. 0-0 Qc7 11. Kh1 Re8 12. g4 Nxd4 13. Bxd4 e5 14. Be3 exf4 15. Bxf4 1/2-1/2

[Event "Voronezh op-A 23rd"]
[Site "Voronezh"]
[Date "2019.06.20"]
[Round "8"]
[White "Pshmahov, Osman"]
[Black "Asatryan, Gor"]
[Result "1-0"]
[WhiteElo "2039"]
[BlackElo "2227"]
[PlyCount "59"]
[EventDate "2019.06.12"]
[EventType "swiss"]
[EventRounds "9"]
[EventCountry "RUS"]
[SourceTitle "EXT 2020"]
[Source "ChessBase"]
[SourceDate "2019.10.17"]
[SourceVersion "1"]
[SourceVersionDate "2019.10.17"]
[SourceQuality "1"]

1. d4 d5 2. c4 e6 3. Nc3 c6 4. cxd5 exd5 5. e3 Bf5 6. Bd3 Bxd3 7. Qxd3 Nf6 8. Nge2 Bd6 9. f3 0-0 10. 0-0 Re8 11. e4 dxe4 12. fxe4 c5 13. Bg5 Bxh2+ 14. Kh1 Be5 15. Nd5 cxd4 16. Bxf6 gxf6 17. Nxd4 Nc6 18. Nf5 Kh8 19. Rf3 Rg8 20. Rh3 Rg5 21. Rh6 Rg6 22. Rh4 Qg8 23. Qh3 Re8 24. Rc1 Bg3 25. Nxg3 Rxg3 26. Qf5 Re5 27. Qxf6+ Qg7 28. Rxc6 bxc6 29. Qd8+ Qg8 30. Nf6 1-0

[Event "Moscow op-A 15th"]
[Site "Moscow"]
[Date "2019.02.01"]
[Round "7"]
[White "Asatryan, Gor"]
[Black "Gabrielian, Artur"]
[Result "0-1"]
[WhiteElo "2097"]
[BlackElo "2490"]
[PlyCount "70"]
[EventDate "2019.01.26"]
[EventType "swiss"]
[EventRounds "9"]
[EventCountry "RUS"]
[SourceTitle "CBM 188 Extra"]
[Source "ChessBase"]
[SourceDate "2019.02.28"]
[SourceVersion "1"]
[SourceVersionDate "2019.02.28"]
[SourceQuality "1"]

1. e4 c5 2. Nf3 d6 3. d4 cxd4 4. Nxd4 Nf6 5. Nc3 e6 6. Bg5 Be7 7. Qd2 a6 8. 0-0-0 h6 9. Bh4 b5 10. a3 Bb7 11. Bd3 Nbd7 12. f4 Rc8 13. Qe2 Rxc3 14. bxc3 Qa5 15. Nb3 Qxa3+ 16. Kd2 Nc5 17. Bxf6 Bxf6 18. Bxb5+ Ke7 19. Bd3 Rc8 20. Nxc5 Qxc3+ 21. Ke3 Qxc5+ 22. Kf3 g5 23. Rb1 Bc6 24. Qe3 Bd4 25. Qd2 f5 26. Bxa6 fxe4+ 27. Ke2 Ra8 28. Rhd1 Bc3 29. Qe3 Qxe3+ 30. Kxe3 gxf4+ 31. Kxf4 Rxa6 32. g3 Ra3 33. Rb3 Rxb3 34. cxb3 e5+ 35. Kf5 e3 0-1

[Event "EU-ch 19th"]
[Site "Batumi"]
[Date "2018.03.27"]
[Round "10"]
[White "Asatryan, Gor"]
[Black "Gebigke, Martin"]
[Result "1-0"]
[WhiteElo "1852"]
[BlackElo "2132"]
[PlyCount "55"]
[EventDate "2018.03.17"]
[EventType "swiss"]
[EventRounds "11"]
[EventCountry "GEO"]
[SourceTitle "CBM 184"]
[Source "ChessBase"]
[SourceDate "2018.05.16"]
[SourceVersion "1"]
[SourceVersionDate "2018.05.16"]
[SourceQuality "1"]

1. e4 c5 2. Nf3 d6 3. d4 cxd4 4. Nxd4 Nf6 5. Nc3 a6 6. Bg5 Nbd7 7. Bc4 Qb6 8. Qd2 e6 9. 0-0-0 Be7 10. f4 h6 11. Bxf6 Bxf6 12. Rhe1 0-0 13. Nf3 Qb4 14. Bb3 Rd8 15. Qxd6 Nc5 16. Qc7 Bd7 17. a3 Nxb3+ 18. cxb3 Qf8 19. Rxd7 Bxc3 20. bxc3 Qxa3+ 21. Kc2 Rdc8 22. Qb6 Qa2+ 23. Kd3 Qxg2 24. Ne5 Qb2 25. Qd4 Rf8 26. Rg1 g5 27. fxg5 h5 28. Ng6 1-0

[Event "EU-ch 19th"]
[Site "Batumi"]
[Date "2018.03.24"]
[Round "7"]
[White "Asatryan, Gor"]
[Black "Samadov, Read"]
[Result "1/2-1/2"]
[WhiteElo "1852"]
[BlackElo "2099"]
[PlyCount "75"]
[EventDate "2018.03.17"]
[EventType "swiss"]
[EventRounds "11"]
[EventCountry "GEO"]
[SourceTitle "CBM 184"]
[Source "ChessBase"]
[SourceDate "2018.05.16"]
[SourceVersion "1"]
[SourceVersionDate "2018.05.16"]
[SourceQuality "1"]

1. e4 e6 2. d4 d5 3. Nd2 c5 4. dxc5 Bxc5 5. Bd3 Nc6 6. Ngf3 Nge7 7. 0-0 0-0 8. Qe2 Qc7 9. e5 f6 10. Nb3 Bb6 11. exf6 Rxf6 12. c4 a5 13. Bg5 Rf7 14. Rac1 a4 15. Nbd2 Nf5 16. Bb1 h6 17. Bh4 Bd7 18. Qd3 Ne5 19. Nxe5 Qxe5 20. Nf3 Qd6 21. Bg3 Nxg3 22. Qh7+ Kf8 23. hxg3 Rxf3 24. Bg6 Rxf2 25. Rxf2+ Bxf2+ 26. Kxf2 Qc5+ 27. Ke2 Ke7 28. Qxg7+ Kd6 29. Qxh6 Qd4 30. c5+ Kc6 31. Qf4 Qxf4 32. gxf4 Rg8 33. Bc2 Rxg2+ 34. Kf3 Rd2 35. Bxa4+ Kc7 36. Rc2 Rd3+ 37. Ke2 Rh3 38. Bxd7 1/2-1/2

[Event "Nezhmetdinov Memorial 39th"]
[Site "Kazan"]
[Date "2017.06.08"]
[Round "9"]
[White "Asatryan, Gor"]
[Black "Vorobiev, Sergey"]
[Result "0-1"]
[WhiteElo "1955"]
[BlackElo "2031"]
[PlyCount "92"]
[EventDate "2017.05.31"]
[EventType "swiss"]
[EventRounds "9"]
[EventCountry "RUS"]
[SourceTitle "EXT 2018"]
[Source "ChessBase"]
[SourceDate "2017.10.13"]
[SourceVersion "1"]
[SourceVersionDate "2017.10.13"]
[SourceQuality "1"]

1. e4 e5 2. Nf3 Nc6 3. Bb5 a6 4. Ba4 Nf6 5. d3 b5 6. Bb3 Be7 7. 0-0 d6 8. c3 0-0 9. Re1 Na5 10. Bc2 c5 11. Nbd2 Re8 12. Nf1 Bf8 13. Bg5 g6 14. Ng3 Bg7 15. h3 Qc7 16. Nh2 Nc6 17. Qf3 Qe7 18. Ng4 Bxg4 19. hxg4 Qe6 20. Bd1 h6 21. Be3 Nh7 22. Bb3 Qd7 23. Nf1 Nd8 24. Qh3 Ng5 25. Qh4 Qe7 26. Nh2 Nde6 27. g3 Qf6 28. Kg2 Nh7 29. Qxf6 Nxf6 30. f4 exf4 31. gxf4 Nc7 32. Rad1 Rad8 33. Kg3 Rd7 34. Nf3 c4 35. e5 dxe5 36. fxe5 Nxg4 37. Kxg4 cxb3 38. axb3 h5+ 39. Kf4 Nd5+ 40. Ke4 f5+ 41. Kd4 Nb4+ 42. Kc5 Bf8+ 43. Kb6 Re6+ 44. Ka5 Nc6+ 45. Kxa6 Nd4+ 46. Ka5 Ra7# 0-1

[Event "Nezhmetdinov Memorial 39th"]
[Site "Kazan"]
[Date "2017.05.31"]
[Round "1"]
[White "Bublei, Pavel"]
[Black "Asatryan, Gor"]
[Result "1-0"]
[WhiteElo "2399"]
[BlackElo "1955"]
[PlyCount "63"]
[EventDate "2017.05.31"]
[EventType "swiss"]
[EventRounds "9"]
[EventCountry "RUS"]
[SourceTitle "EXT 2018"]
[Source "ChessBase"]
[SourceDate "2017.10.13"]
[SourceVersion "1"]
[SourceVersionDate "2017.10.13"]
[SourceQuality "1"]

1. d4 d5 2. c4 c6 3. Nc3 Nf6 4. e3 e6 5. Nf3 Nbd7 6. Qc2 Bd6 7. Bd3 dxc4 8. Bxc4 b5 9. Be2 Bb7 10. 0-0 0-0 11. a3 a5 12. Rd1 Qe7 13. e4 e5 14. dxe5 Nxe5 15. Nd4 Bc7 16. Nf5 Qe6 17. Nxb5 cxb5 18. Qxc7 Bxe4 19. Nd4 Qe8 20. Bxb5 Qb8 21. Qxb8 Raxb8 22. Bf4 Rxb5 23. Nxb5 Nd3 24. Bd6 Rc8 25. f3 Bg6 26. Rd2 Nc1 27. Na7 Rc4 28. Bf4 Bd3 29. Kf2 Nd5 30. Rxc1 Rxc1 31. Rxd3 Rc2+ 32. Bd2 1-0

[Event "Samara Polugaevsky Memorial 5th"]
[Site "Samara"]
[Date "2015.07.11"]
[Round "9"]
[White "Akhmadeev, Valery Rimovich"]
[Black "Asatryan, Gor"]
[Result "1-0"]
[WhiteElo "2096"]
[BlackElo "1807"]
[PlyCount "79"]
[EventDate "2015.07.03"]
[EventType "swiss"]
[EventRounds "9"]
[EventCountry "RUS"]
[SourceTitle "EXT 2017"]
[Source "ChessBase"]
[SourceDate "2016.10.25"]
[SourceVersion "1"]
[SourceVersionDate "2016.10.25"]
[SourceQuality "1"]

1. d4 Nf6 2. Nf3 g6 3. c4 Bg7 4. Nc3 0-0 5. e4 d6 6. h3 e5 7. dxe5 dxe5 8. Bg5 Nbd7 9. Be2 c6 10. 0-0 Qc7 11. b4 b6 12. Qc2 Re8 13. Rfd1 Nf8 14. c5 Ne6 15. Be3 Nd7 16. cxb6 axb6 17. Bc4 Ndf8 18. Rac1 Bb7 19. Qb3 Rad8 20. Bxe6 Nxe6 21. Nd5 cxd5 22. Rxc7 Nxc7 23. Bxb6 Rd7 24. Bxc7 Rxc7 25. exd5 Rd7 26. b5 e4 27. Ne1 Red8 28. d6 Rxd6 29. Rxd6 Rxd6 30. a4 Rd2 31. Qe3 Rd1 32. Kf1 Bd4 33. Qe2 Ra1 34. Qc4 Bb6 35. Ke2 Rb1 36. Qc3 Bd5 37. a5 Bxa5 38. Qxa5 Bc4+ 39. Kd2 Bxb5 40. Kc2 1-0

[Event "Samara Polugaevsky Memorial 5th"]
[Site "Samara"]
[Date "2015.07.06"]
[Round "4"]
[White "Asatryan, Gor"]
[Black "Malyshev, Vasily"]
[Result "1-0"]
[WhiteElo "1807"]
[BlackElo "1890"]
[PlyCount "43"]
[EventDate "2015.07.03"]
[EventType "swiss"]
[EventRounds "9"]
[EventCountry "RUS"]
[SourceTitle "EXT 2017"]
[Source "ChessBase"]
[SourceDate "2016.10.25"]
[SourceVersion "1"]
[SourceVersionDate "2016.10.25"]
[SourceQuality "1"]

1. e4 c6 2. d4 d5 3. Nc3 dxe4 4. Nxe4 Bf5 5. Nc5 Bc8 6. Nf3 Nf6 7. Bd3 Nbd7 8. Nxd7 Qxd7 9. 0-0 e6 10. Ne5 Qxd4 11. Nxf7 Bd6 12. Nxh8 Bxh2+ 13. Kxh2 Qh4+ 14. Kg1 e5 15. Qf3 e4 16. Bxe4 Bg4 17. Qg3 Qxg3 18. fxg3 0-0-0 19. Nf7 Rd4 20. Bd3 Nh5 21. Be3 Rd5 22. Be4 1-0

[Event "Samara Polugaevsky Memorial 5th"]
[Site "Samara"]
[Date "2015.07.03"]
[Round "1"]
[White "Tarasov, Alexandr"]
[Black "Asatryan, Gor"]
[Result "1-0"]
[WhiteElo "2288"]
[BlackElo "1807"]
[PlyCount "37"]
[EventDate "2015.07.03"]
[EventType "swiss"]
[EventRounds "9"]
[EventCountry "RUS"]
[SourceTitle "EXT 2017"]
[Source "ChessBase"]
[SourceDate "2016.10.25"]
[SourceVersion "1"]
[SourceVersionDate "2016.10.25"]
[SourceQuality "1"]

1. Nc3 c5 2. Nf3 e6 3. d4 cxd4 4. Nxd4 Nf6 5. g3 a6 6. Bg2 d5 7. 0-0 Be7 8. e4 dxe4 9. Nxe4 0-0 10. c3 e5 11. Nb3 Qc7 12. Re1 Rd8 13. Qc2 Nc6 14. Bg5 Nxe4 15. Bxe7 Nxe7 16. Qxe4 Nc6 17. Nd4 Nxd4 18. cxd4 Rxd4 19. Qxd4 1-0